1-eurová s.r.o. a jej význam v obchodnoprávnych vzťahoch diplomová práca

Salvato in:
Dettagli Bibliografici
Autore principale: Kulichová, Marta
Ente Autore: Obchodná fakulta EU. Katedra obchodného práva
Altri autori: Kropaj, Marián, 1983-
Natura: Libro
Lingua:slovacco
Pubblicazione: Bratislava 2016
Tags: Aggiungi Tag
Nessun Tag, puoi essere il primo ad aggiungerne!!

MARC

LEADER 00000nbm a2200000 4500
001 0216705
005 20161205130603.7
041 0 |a slo 
044 |a SK 
245 1 0 |a 1-eurová s.r.o. a jej význam v obchodnoprávnych vzťahoch  |b diplomová práca  |c Marta Kulichová ; školiteľ: Marián Kropaj 
264 1 |a Bratislava  |c 2016 
300 |a 65 s. 
100 1 |a Kulichová, Marta 
700 1 |a Kropaj, Marián, 1983- 
710 2 |a Obchodná fakulta EU. Katedra obchodného práva